000 01041pam a2200325 a 4500
001 3398642
003 OSt
005 20151028160238.0
008 891122r19901940nyua j 000 0 eng
010 _a 89018456
020 _a0689713916
040 _aDLC
_cDLC
_dDLC
042 _alcac
050 0 0 _aPZ 8.1
_b.Sp75 1940
082 0 0 _aGS 398.2
_bSp37 1990
100 1 _aSperry, Armstrong,
_d1897-1976.
_921748
245 1 0 _aCall it courage /
_cArmstrong Sperry.
250 _a1st Aladdin Books ed.
260 _aNew York :
_bMacmillan Publishing Company,
_c1940.
300 _a95 p. :
_bill. ;
_c20 cm.
586 _aJohn Newberry Award
650 1 _aFolklore
_zPolynesia.
_921749
650 1 _aCourage
_xFolklore.
_921750
650 1 _aSurvival
_xFolklore.
_921751
856 4 2 _3Publisher description
_uhttp://www.loc.gov/catdir/enhancements/fy1107/89018456-d.html
906 _a7
_bcbc
_corignew
_d1
_eocip
_f19
_gy-gencatlg
942 _2lcc
_cBK
999 _c12135
_d12135